header

Paddling to where I stand (Record no. 105492)

MARC details
000 -LEADER
fixed length control field 01679nam a2200397 a 4500
082 04 - DEWEY DECIMAL CLASSIFICATION NUMBER
Classification number 971.1004/97953/0092
-- B
100 1# - MAIN ENTRY--AUTHOR NAME
Personal name Alfred, Agnes.
245 10 - TITLE STATEMENT
Title Paddling to where I stand
260 ## - PUBLICATION, DISTRIBUTION, ETC. (IMPRINT)
Place of publication Vancouver :
Name of publisher UBC Press,
Year of publication c2004.
300 ## - PHYSICAL DESCRIPTION
Number of Pages xxxix, 283 p. :
Other physical details ill., map, ports.
650 #0 - SUBJECT ADDED ENTRY--TOPICAL TERM
Topical Term Kwakiutl women
Topical Term Kwakiutl Indians
Topical Term Kwakiutl (Indiens)
Topical Term Femmes kwakiutl
Topical Term Kwakiutl (Indiens)
700 1# - ADDED ENTRY--PERSONAL NAME
Personal name Reid, Martine Jeanne,
Personal name Sewid-Smith, Daisy.
856 40 - ELECTRONIC LOCATION AND ACCESS
Uniform Resource Identifier http://site.ebrary.com/lib/rucke/Doc?id=10113880

No items available.

© 2026 Rongo University
Contact us: librarian | system librarian | Rongo university